| 000 | 013720000a22002050004500 | ||
|---|---|---|---|
| 020 | _a968-16-0760-0 | ||
| 041 | 0 | _aSPA | |
| 082 | 0 | 4 | _aG 137 E687a |
| 245 | 1 | 0 | _aLa adultez / Herant A. Katchadoruian... [et. al.]; Erik H. Erikson, Compilador |
| 260 | _aMéxico D.F., México : Fondo de Cultura Económica | ||
| 300 | _a402 Pag. | ||
| 500 | _aTítulo original : Adulthood | ||
| 505 | 0 | 0 | _areflexiones sobre el ciclo de vida del doctor Borg -- perspectivas médicas sobre la adultez -- matar y sobrevivir o morir y devenir: la vida activa y la vida contemplativa como estilos del ser adulto -- la adultez cristiana -- la adultez en el islamismo: la madurez religiosa en la tradición islámica -- le percepción confuciana de la adultez -- la promesa de la adultez en el espiritualismo japonés -- la adultez rajput: reflexiones sobre el diario de Amar Singh -- la adultez dividida: Rusia y León Tolstoi -- la búsqueda de la adultez en los estados unidos -- la última etapa: la adultez y la vejez históricas -- el trabajo y la dignidad -- el escritor y el concepto de adultez -- la adultez en la literatura norteamericana -- acerca de ser un adulto y de ser un adulto en el derecho secular |
| 650 | 1 | 4 | _aEDAD ADULTA |
| 001 | 694 | ||
| 942 | _cBK | ||
| 999 |
_c32168 _d32168 |
||
| 336 |
_atexto _btxt _2rdacontent |
||
| 337 |
_2rdamedia _asin mediación _bn |
||
| 338 |
_2rdacarrier _avolumen _bnc |
||